00730cam a22002411 4500001001300000003000400013005001700017008004100034010001700075035002000092040001900112042001200131050001500143060002400158100001800182245005400200260002900254300001500283500001800298504002900316505012600345999001700471sg 46000173 DLC20260227112749.0810725m19461946xx b 000 0 eng  asg 46000173  a(OCoLC)14748791 aDLCcDNLMdDLC apremarc00aRS61b.C570 aQV 11bJA1 C6h 19461 aColle, Henry.10aHeritage of pharmacy in Asia,cby Henry Colle ... a[San Francisco?]cc1946. a2 v. in 1. aType-written. aIncludes bibliographies.0 aContents.--v. 1. India, Persia, and the Islamic world (Arabia)--v. 2. China, Russia, Japan, Korea, the Dutch East Indies. c90782d90782